This is Kevin Welcome to my Planet

Bibliographic Details
Main Author: Petruška, Igor (Author)
Format: Article
Language:Slovak
PhysicalDescription:Obr.
ISSN:1336-8044
Subjects:

MARC

LEADER 00000nab a2200000 a 4500
001 vtls008771468
003 SK-MaSNL
005 20260303071444.0
008 140301c2006 xo qr|p|||||||000 b|slo
015 |a SNBRB2006/06  |2 snkbucl 
038 |a SNKBUCL 
040 |a SNKBUCL  |b slo  |c SNKBUCL  |e AACR2 
041 0 |a slo 
044 |a xo  |c SK 
080 |a 78.071.1/.2:784.66  |2 2001 
080 |a 784.66  |2 2001 
100 1 |a Petruška, Igor  |4 aut  |9 267743 
245 1 0 |a This is Kevin Welcome to my Planet  |c Igor Petruška 
300 |b Obr. 
600 1 7 |a Ferianc, Roman  |2 snkbucl  |9 1070164 
630 0 7 |a Welcome to my Planet (nahrávka CD)  |2 snkbucl  |9 1070165 
650 0 7 |a nahrávky CD  |2 snkbucl  |9 19639 
655 7 |a recenzie  |2 snkbucl  |9 21907 
773 0 |t Hudba  |g Roč. I, č. II. Q (2006), s. 116  |x 1336-8044 
852 |a SNK  |b KIS3GCP 
958 |a RC 
999 |c 1759994  |d 1761924